Normal view MARC view
  • Jain S Pub

Entry Personal Name

Number of records used in: 1

001 - CONTROL NUMBER

  • control field: 30138

003 - CONTROL NUMBER IDENTIFIER

  • control field: OSt

005 - DATE AND TIME OF LATEST TRANSACTION

  • control field: 20220803173617.0

008 - FIXED-LENGTH DATA ELEMENTS

  • fixed length control field: 220803|| aca||aabn | a|a d

040 ## - CATALOGING SOURCE

  • Original cataloging agency: OSt
  • Transcribing agency: OSt

100 ## - HEADING--PERSONAL NAME

  • Personal name: Jain S Pub

670 ## - SOURCE DATA FOUND

  • Source citation: Work cat.: (OSt)18969: Jain S Pub., Webster's Pocket Dictionary .-8123907400, 2001